Contractual managerial incentives with stock price (Record no. 511666)

000 -LEADER
fixed length control field 00464nam a2200157 4500
008 - FIXED-LENGTH DATA ELEMENTS--GENERAL INFORMATION
fixed length control field 191003b ||||| |||| 00| 0 eng d
100 ## - MAIN ENTRY--PERSONAL NAME
Personal name Lin, Tse-Chun
245 ## - TITLE STATEMENT
Title Contractual managerial incentives with stock price
260 ## - PUBLICATION, DISTRIBUTION, ETC. (IMPRINT)
Name of publisher, distributor, etc American Economic Review
300 ## - PHYSICAL DESCRIPTION
Extent 109(7), Jul, 2019: p.2446-2468.
700 ## - ADDED ENTRY--PERSONAL NAME
Personal name Liu, Qi
9 (RLIN) 11772
700 ## - ADDED ENTRY--PERSONAL NAME
Personal name Sun, Bo
9 (RLIN) 11773
773 ## - HOST ITEM ENTRY
Main entry heading American Economic Review
906 ## - LOCAL DATA ELEMENT F, LDF (RLIN)
Subject DIP Financial markets
942 ## - ADDED ENTRY ELEMENTS (KOHA)
Source of classification or shelving scheme
Item type Articles
Holdings
Withdrawn status Lost status Source of classification or shelving scheme Damaged status Not for loan Permanent location Current location Date acquired Serial Enumeration / chronology Barcode Date last seen Koha item type
          Indian Institute of Public Administration Indian Institute of Public Administration 2019-10-03 109(7), Jul, 2019: p.2446-2468. AR121199 2019-10-03 Articles

Powered by Koha